{"text_format":"3","workbook":"xlsx","n_sheets":1,"sheets":["PACC - SNCC.F.053"],"not_rendered":{"images":1},"read":"whole","date_system":"1900"}

{"sheet":"PACC - SNCC.F.053","index":0,"n_rows":339,"n_cols":23,"rows_kept":339,"merged":[[2,0,4,0],[5,0,5,14],[6,0,6,1],[8,3,8,6]]}
[]
["SNCC.F.053",{"$nulls":12},"Fecha de Revisión"]
[{"$nulls":13},"Fecha de Aprobación"]
[{"$nulls":13},"Versión"]
[{"$nulls":13},"No. de Páginas"]
["HOSPITAL GENERAL GREGORIO LUPERON "]
["PLAN ANUAL DE COMPRAS Y CONTRATACIONES AÑO 2025"]
[]
[{"$nulls":3},"FECHA DE NECESIDAD"]
["CÓDIGO DEL CATÁLOGO DE BIENES Y SERVICIOS (CBS) ","DESCRIPCIÓN DE LA COMPRA O CONTRATACIÓN","UNIDAD DE MEDIDA","PRIMER TRIMESTRE","SEGUNDO TRIMESTRE","TERCER TRIMESTRE","CUARTO TRIMESTRE","CANTIDAD TOTAL","PRECIO UNITARIO ESTIMADO","COSTO TOTAL UNITARIO","COSTO TOTAL POR CÓDIGO DE CATÁLOGO DE BIENES Y SERVICIOS (CBS)"," PROCEDIMIENTO DE SELECCIÓN ","FUENTE DE FINANCIAMIENTO","VALOR ADQUIRIDO","OBSERVACIÓN"]
["1510 - Combustibles","COMPRAS DE COMBUSTIBLES","Galon ",400,500,600,1000,{"$f":"SUM(Tabla1[[#This Row],[PRIMER TRIMESTRE]:[CUARTO TRIMESTRE]])","v":2500},{"v":5000,"d":"RD$5,000.00"},{"$f":"+H11*I11","v":{"v":12500000,"d":"RD$12,500,000.00"}},{"v":1125000,"d":"RD$1,125,000.00"},"COMPRA DIRECTA","VENTA DE SERVICIOS",{"$nulls":6},"1010 - Animales vivos ",null,null,"LICITACIÓN PÚBLICA INTERNACIONAL"]
["5020 - Bebidas","BOTELLAS DE AGUA","Unidad",200,225,200,450,{"$f":"SUM(Tabla1[[#This Row],[PRIMER TRIMESTRE]:[CUARTO TRIMESTRE]])","v":1075},{"v":1075,"d":"RD$1,075.00"},{"$f":"+H12*I12","v":{"v":1155625,"d":"RD$1,155,625.00"}},{"v":21500,"d":"RD$21,500.00"},"COMPRA DIRECTA","VENTA DE SERVICIOS",{"$nulls":6},"1011 - Productos de casa para el animal doméstico",null,null,"LICITACIÓN PÚBLICA NACIONAL"]
["5020 - Bebidas","BOTELLONES DE AGUA","Unidad",50,75,75,125,{"$f":"SUM(Tabla1[[#This Row],[PRIMER TRIMESTRE]:[CUARTO TRIMESTRE]])","v":325},{"v":325,"d":"RD$325.00"},{"v":105625,"d":"RD$105,625.00"},{"v":4875,"d":"RD$4,875.00"},"COMPRA DIRECTA","VENTA DE SERVICIOS",{"$nulls":6},"1012 - Pienso para animales",null,null,"LICITACIÓN RESTRINGIDA"]
["5020 - Bebidas","TE CALIENTE 25/1","Unidad",5,10,5,15,{"$f":"SUM(Tabla1[[#This Row],[PRIMER TRIMESTRE]:[CUARTO TRIMESTRE]])","v":35},{"v":35,"d":"RD$35.00"},{"v":1225,"d":"RD$1,225.00"},{"v":3850,"d":"RD$3,850.00"},"COMPRA DIRECTA","VENTA DE SERVICIOS",{"$nulls":6},"1013 - Recipientes y hábitat para animales",null,null,"SORTEO DE OBRAS"]
["5020 - Bebidas","CAFÉ 20/1","Unidad",3,2,2,6,{"$f":"SUM(Tabla1[[#This Row],[PRIMER TRIMESTRE]:[CUARTO TRIMESTRE]])","v":13},{"v":13,"d":"RD$13.00"},{"v":169,"d":"RD$169.00"},{"v":3250,"d":"RD$3,250.00"},"COMPRA DIRECTA","VENTA DE SERVICIOS",{"$nulls":6},"1014 - Artículos de talabartería y arreos",null,null,"COMPARACIÓN DE PRECIOS"]
["5020 - Bebidas","TE FRIO","Unidad",2,2,2,2,{"$f":"SUM(Tabla1[[#This Row],[PRIMER TRIMESTRE]:[CUARTO TRIMESTRE]])","v":8},{"v":8,"d":"RD$8.00"},{"v":64,"d":"RD$64.00"},{"v":2000,"d":"RD$2,000.00"},"COMPRA DIRECTA","VENTA DE SERVICIOS",{"$nulls":6},"1015 - Semillas, bulbos, plántulas y esquejes",null,null,"COMPRA MENOR"]
["5016 - Chocolates, azúcares, edulcorantes y productos de confitería","CREMORA","Unidad",50,75,75,50,{"$f":"SUM(Tabla1[[#This Row],[PRIMER TRIMESTRE]:[CUARTO TRIMESTRE]])","v":250},{"v":250,"d":"RD$250.00"},{"v":62500,"d":"RD$62,500.00"},{"v":43750,"d":"RD$43,750.00"},"COMPRA DIRECTA","VENTA DE SERVICIOS",{"$nulls":6},"1016 - Productos de floricultura y silvicultura",null,null,"COMPRA DIRECTA"]
["5016 - Chocolates, azúcares, edulcorantes y productos de confitería","AZUCAR 5 LIBRAS","Unidad",5,10,5,5,{"$f":"SUM(Tabla1[[#This Row],[PRIMER TRIMESTRE]:[CUARTO TRIMESTRE]])","v":25},{"v":25,"d":"RD$25.00"},{"v":625,"d":"RD$625.00"},{"v":625,"d":"RD$625.00"},"COMPRA DIRECTA","VENTA DE SERVICIOS",{"$nulls":6},"1017 - Abonos, nutrientes para plantas y herbicidas"]
["5016 - Chocolates, azúcares, edulcorantes y productos de confitería","BONOS EMPLEADO DEL MES","Unidad",3,2,2,3,{"$f":"SUM(Tabla1[[#This Row],[PRIMER TRIMESTRE]:[CUARTO TRIMESTRE]])","v":10},{"v":10,"d":"RD$10.00"},{"v":100,"d":"RD$100.00"},{"v":10000,"d":"RD$10,000.00"},"COMPRA DIRECTA","VENTA DE SERVICIOS",{"$nulls":6},"1019 - Productos para el control de plagas y malas hierbas "]
["4411 - Accesorios de oficina y escritorio","PAPEL 8 1/2 X11","Unidad",200,225,200,200,{"$f":"SUM(Tabla1[[#This Row],[PRIMER TRIMESTRE]:[CUARTO TRIMESTRE]])","v":825},{"v":825,"d":"RD$825.00"},{"v":680625,"d":"RD$680,625.00"},{"v":156750,"d":"RD$156,750.00"},"COMPRA DIRECTA","VENTA DE SERVICIOS",{"$nulls":6},"1110 - Minerales, minerales metálicos y metales"]
["4411 - Accesorios de oficina y escritorio","PAPEL 8 1/2 X 14","Unidad",50,75,75,50,{"$f":"SUM(Tabla1[[#This Row],[PRIMER TRIMESTRE]:[CUARTO TRIMESTRE]])","v":250},{"v":250,"d":"RD$250.00"},{"v":62500,"d":"RD$62,500.00"},{"v":48750,"d":"RD$48,750.00"},"COMPRA DIRECTA","VENTA DE SERVICIOS",{"$nulls":6},"1111 - Tierra y piedra"]
["4411 - Accesorios de oficina y escritorio","PAPEL 8 1/2 X 17","Unidad",200,225,200,200,{"$f":"SUM(Tabla1[[#This Row],[PRIMER TRIMESTRE]:[CUARTO TRIMESTRE]])","v":825},{"v":825,"d":"RD$825.00"},{"v":680625,"d":"RD$680,625.00"},{"v":165000,"d":"RD$165,000.00"},"COMPRA DIRECTA","VENTA DE SERVICIOS",{"$nulls":6},"1112 - Productos no comestibles de planta y silvicultura"]
["4411 - Accesorios de oficina y escritorio","POST-IT  3 X3","Unidad",50,75,75,50,{"$f":"SUM(Tabla1[[#This Row],[PRIMER TRIMESTRE]:[CUARTO TRIMESTRE]])","v":250},{"v":250,"d":"RD$250.00"},{"v":62500,"d":"RD$62,500.00"},{"v":12500,"d":"RD$12,500.00"},"COMPRA DIRECTA","VENTA DE SERVICIOS",{"$nulls":6},"1113 - Productos animales no comestibles"]
["4411 - Accesorios de oficina y escritorio","BOLIGRAFOS AZULES / LAPICEROS","Unidad",200,225,200,200,{"$f":"SUM(Tabla1[[#This Row],[PRIMER TRIMESTRE]:[CUARTO TRIMESTRE]])","v":825},{"v":825,"d":"RD$825.00"},{"v":680625,"d":"RD$680,625.00"},{"v":61875,"d":"RD$61,875.00"},"COMPRA DIRECTA","VENTA DE SERVICIOS",{"$nulls":6},"1114 - Chatarra y materiales de desecho"]
["4411 - Accesorios de oficina y escritorio","BOLIGRAFOS NEGROS / LAPICEROS","Unidad",50,75,75,50,{"$f":"SUM(Tabla1[[#This Row],[PRIMER TRIMESTRE]:[CUARTO TRIMESTRE]])","v":250},{"v":250,"d":"RD$250.00"},{"v":62500,"d":"RD$62,500.00"},{"v":20000,"d":"RD$20,000.00"},"COMPRA DIRECTA","VENTA DE SERVICIOS",{"$nulls":6},"1115 - Fibra, hilos e hilados"]
["4411 - Accesorios de oficina y escritorio","LAPICES DE CARBON","Unidad",200,225,200,200,{"$f":"SUM(Tabla1[[#This Row],[PRIMER TRIMESTRE]:[CUARTO TRIMESTRE]])","v":825},{"v":825,"d":"RD$825.00"},{"v":680625,"d":"RD$680,625.00"},{"v":90750,"d":"RD$90,750.00"},"COMPRA DIRECTA","VENTA DE SERVICIOS",{"$nulls":6},"1116 - Tejidos y materiales de cuero"]
["4411 - Accesorios de oficina y escritorio","FOLDERS 8 1/2 X 11","Unidad",50,75,75,50,{"$f":"SUM(Tabla1[[#This Row],[PRIMER TRIMESTRE]:[CUARTO TRIMESTRE]])","v":250},{"v":250,"d":"RD$250.00"},{"v":62500,"d":"RD$62,500.00"},{"v":87500,"d":"RD$87,500.00"},"COMPRA DIRECTA","VENTA DE SERVICIOS",{"$nulls":6},"1117 - Aleaciones"]
["4411 - Accesorios de oficina y escritorio","FOLDERS 8 1/2 X 11 DE COLORES","Unidad",200,225,200,200,{"$f":"SUM(Tabla1[[#This Row],[PRIMER TRIMESTRE]:[CUARTO TRIMESTRE]])","v":825},{"v":825,"d":"RD$825.00"},{"v":680625,"d":"RD$680,625.00"},{"v":288750,"d":"RD$288,750.00"},"COMPRA DIRECTA","VENTA DE SERVICIOS",{"$nulls":6},"1118 - Óxido metálico"]
["4411 - Accesorios de oficina y escritorio","CORRECTORES LIQUIDOS / LIQUID PAPER","Unidad",50,75,75,50,{"$f":"SUM(Tabla1[[#This Row],[PRIMER TRIMESTRE]:[CUARTO TRIMESTRE]])","v":250},{"v":250,"d":"RD$250.00"},{"v":62500,"d":"RD$62,500.00"},{"v":87500,"d":"RD$87,500.00"},"COMPRA DIRECTA","VENTA DE SERVICIOS",{"$nulls":6},"1119 - Desechos metálicos y chatarra"]
["4411 - Accesorios de oficina y escritorio","CINTA PARA MAQUINA SUMADORA","Unidad",200,225,200,200,{"$f":"SUM(Tabla1[[#This Row],[PRIMER TRIMESTRE]:[CUARTO TRIMESTRE]])","v":825},{"v":825,"d":"RD$825.00"},{"v":680625,"d":"RD$680,625.00"},{"v":103125,"d":"RD$103,125.00"},"COMPRA DIRECTA","VENTA DE SERVICIOS",{"$nulls":6},"1213 - Materiales explosivos"]
["4411 - Accesorios de oficina y escritorio","CINTA ADHESIVA PARA DISPENSADOR","Unidad",50,75,75,50,{"$f":"SUM(Tabla1[[#This Row],[PRIMER TRIMESTRE]:[CUARTO TRIMESTRE]])","v":250},{"v":250,"d":"RD$250.00"},{"v":62500,"d":"RD$62,500.00"},{"v":31250,"d":"RD$31,250.00"},"COMPRA DIRECTA","VENTA DE SERVICIOS",{"$nulls":6},"1214 - Elementos y gases"]
["4411 - Accesorios de oficina y escritorio","CLIPS BILLETEROS PEQUEÑOS","Unidad",200,225,200,200,{"$f":"SUM(Tabla1[[#This Row],[PRIMER TRIMESTRE]:[CUARTO TRIMESTRE]])","v":825},{"v":825,"d":"RD$825.00"},{"v":680625,"d":"RD$680,625.00"},{"v":74250,"d":"RD$74,250.00"},"COMPRA DIRECTA","VENTA DE SERVICIOS",{"$nulls":6},"1216 - Aditivos"]
["4411 - Accesorios de oficina y escritorio","CLIPS BILLETEROS MEDIANOS","Unidad",50,75,75,50,{"$f":"SUM(Tabla1[[#This Row],[PRIMER TRIMESTRE]:[CUARTO TRIMESTRE]])","v":250},{"v":250,"d":"RD$250.00"},{"v":62500,"d":"RD$62,500.00"},{"v":22500,"d":"RD$22,500.00"},"COMPRA DIRECTA","VENTA DE SERVICIOS",{"$nulls":6},"1217 - Colorantes"]
["4411 - Accesorios de oficina y escritorio","CLIPS BILLETEROS GRANDES","Unidad",200,225,200,200,{"$f":"SUM(Tabla1[[#This Row],[PRIMER TRIMESTRE]:[CUARTO TRIMESTRE]])","v":825},{"v":825,"d":"RD$825.00"},{"v":680625,"d":"RD$680,625.00"},{"v":74250,"d":"RD$74,250.00"},"COMPRA DIRECTA","VENTA DE SERVICIOS",{"$nulls":6},"1218 - Ceras y aceites"]
["4411 - Accesorios de oficina y escritorio","POST-IT BANDERITAS DE COLORES","Unidad",50,75,75,50,{"$f":"SUM(Tabla1[[#This Row],[PRIMER TRIMESTRE]:[CUARTO TRIMESTRE]])","v":250},{"v":250,"d":"RD$250.00"},{"v":62500,"d":"RD$62,500.00"},{"v":17500,"d":"RD$17,500.00"},"COMPRA DIRECTA","VENTA DE SERVICIOS",{"$nulls":6},"1219 - Solventes"]
["4411 - Accesorios de oficina y escritorio","GANCHOS ACCOS","Unidad",200,225,200,200,{"$f":"SUM(Tabla1[[#This Row],[PRIMER TRIMESTRE]:[CUARTO TRIMESTRE]])","v":825},{"v":825,"d":"RD$825.00"},{"v":680625,"d":"RD$680,625.00"},{"v":78375,"d":"RD$78,375.00"},"COMPRA DIRECTA","VENTA DE SERVICIOS",{"$nulls":6},"1235 - Compuestos y mezclas"]
["4411 - Accesorios de oficina y escritorio","PAPEL TIMBRADO A COLOR","Unidad",50,75,75,50,{"$f":"SUM(Tabla1[[#This Row],[PRIMER TRIMESTRE]:[CUARTO TRIMESTRE]])","v":250},{"v":250,"d":"RD$250.00"},{"v":62500,"d":"RD$62,500.00"},{"v":78750,"d":"RD$78,750.00"},"COMPRA DIRECTA","VENTA DE SERVICIOS",{"$nulls":6},"1310 - Caucho y elastómeros"]
["4411 - Accesorios de oficina y escritorio","SOBRES MANILA 10 X 13","Unidad",200,225,200,200,{"$f":"SUM(Tabla1[[#This Row],[PRIMER TRIMESTRE]:[CUARTO TRIMESTRE]])","v":825},{"v":825,"d":"RD$825.00"},{"v":680625,"d":"RD$680,625.00"},{"v":288750,"d":"RD$288,750.00"},"COMPRA DIRECTA","VENTA DE SERVICIOS",{"$nulls":6},"1311 - Resinas y colofonias y otros materiales derivados de resina"]
["4411 - Accesorios de oficina y escritorio","SOBRES TIMBRADOS A COLOR","Unidad",50,75,75,50,{"$f":"SUM(Tabla1[[#This Row],[PRIMER TRIMESTRE]:[CUARTO TRIMESTRE]])","v":250},{"v":250,"d":"RD$250.00"},{"v":62500,"d":"RD$62,500.00"},{"v":106250,"d":"RD$106,250.00"},"COMPRA DIRECTA","VENTA DE SERVICIOS",{"$nulls":6},"1410 - Materiales de papel"]
["4411 - Accesorios de oficina y escritorio","LIBROS RECORD","Unidad",200,225,200,200,{"$f":"SUM(Tabla1[[#This Row],[PRIMER TRIMESTRE]:[CUARTO TRIMESTRE]])","v":825},{"v":825,"d":"RD$825.00"},{"v":680625,"d":"RD$680,625.00"},{"v":185625,"d":"RD$185,625.00"},"COMPRA DIRECTA","VENTA DE SERVICIOS",{"$nulls":6},"1411 - Productos de papel"]
["4411 - Accesorios de oficina y escritorio","FOLDERS PENDAFLEX 8 1/2 X 13","Unidad",50,75,75,50,{"$f":"SUM(Tabla1[[#This Row],[PRIMER TRIMESTRE]:[CUARTO TRIMESTRE]])","v":250},{"v":250,"d":"RD$250.00"},{"v":62500,"d":"RD$62,500.00"},{"v":56250,"d":"RD$56,250.00"},"COMPRA DIRECTA","VENTA DE SERVICIOS",{"$nulls":6},"1412 - Papel para uso industrial"]
["4411 - Accesorios de oficina y escritorio","PERFORADORAS DE 2 HOYOS","Unidad",1,1,1,1,{"$f":"SUM(Tabla1[[#This Row],[PRIMER TRIMESTRE]:[CUARTO TRIMESTRE]])","v":4},{"v":4,"d":"RD$4.00"},{"v":16,"d":"RD$16.00"},{"v":1400,"d":"RD$1,400.00"},"COMPRA DIRECTA","VENTA DE SERVICIOS",{"$nulls":6},"1510 - Combustibles"]
["4411 - Accesorios de oficina y escritorio","CORRECTORES LIQUIDOS VERDES","Unidad",1,1,1,1,{"$f":"SUM(Tabla1[[#This Row],[PRIMER TRIMESTRE]:[CUARTO TRIMESTRE]])","v":4},{"v":4,"d":"RD$4.00"},{"$f":"+H43*I43","v":{"v":16,"d":"RD$16.00"}},{"v":300,"d":"RD$300.00"},"COMPRA DIRECTA","VENTA DE SERVICIOS",{"$nulls":6},"1511 - Combustibles gaseosos y aditivos"]
["4411 - Accesorios de oficina y escritorio","RESALTADORES LUMINICOS","Unidad",2,2,2,2,{"$f":"SUM(Tabla1[[#This Row],[PRIMER TRIMESTRE]:[CUARTO TRIMESTRE]])","v":8},{"v":8,"d":"RD$8.00"},{"v":64,"d":"RD$64.00"},{"v":880,"d":"RD$880.00"},"COMPRA DIRECTA","VENTA DE SERVICIOS",{"$nulls":6},"1512 - Lubricantes, aceites, grasas y anticorrosivos"]
["4411 - Accesorios de oficina y escritorio","MARCADORES NEGROS","Unidad",2,2,2,2,{"$f":"SUM(Tabla1[[#This Row],[PRIMER TRIMESTRE]:[CUARTO TRIMESTRE]])","v":8},{"v":8,"d":"RD$8.00"},{"v":64,"d":"RD$64.00"},{"v":880,"d":"RD$880.00"},"COMPRA DIRECTA","VENTA DE SERVICIOS",{"$nulls":6},"1513 - Combustible para reactores nucleares"]
["4411 - Accesorios de oficina y escritorio","FELPAS NEGRAS","Unidad",5,5,5,5,{"$f":"SUM(Tabla1[[#This Row],[PRIMER TRIMESTRE]:[CUARTO TRIMESTRE]])","v":20},{"v":20,"d":"RD$20.00"},{"v":400,"d":"RD$400.00"},{"v":1900,"d":"RD$1,900.00"},"COMPRA DIRECTA","VENTA DE SERVICIOS",{"$nulls":6},"2010 - Maquinaria y equipo de minería y explotación de canteras"]
["4411 - Accesorios de oficina y escritorio","FELPAS AZULES","Unidad",5,5,5,5,{"$f":"SUM(Tabla1[[#This Row],[PRIMER TRIMESTRE]:[CUARTO TRIMESTRE]])","v":20},{"v":20,"d":"RD$20.00"},{"v":400,"d":"RD$400.00"},{"v":1900,"d":"RD$1,900.00"},"COMPRA DIRECTA","VENTA DE SERVICIOS",{"$nulls":6},"2011 - Equipo de perforación y explotación de pozos"]
["4411 - Accesorios de oficina y escritorio","FELPAS ROJAS","Unidad",2,2,2,2,{"$f":"SUM(Tabla1[[#This Row],[PRIMER TRIMESTRE]:[CUARTO TRIMESTRE]])","v":8},{"v":8,"d":"RD$8.00"},{"v":64,"d":"RD$64.00"},{"v":760,"d":"RD$760.00"},"COMPRA DIRECTA","VENTA DE SERVICIOS",{"$nulls":6},"2012 - Equipo para perforación y exploración para petróleo"]
["4411 - Accesorios de oficina y escritorio","CD EN BLANCO CON CARATULAS","Unidad",50,75,75,50,{"$f":"SUM(Tabla1[[#This Row],[PRIMER TRIMESTRE]:[CUARTO TRIMESTRE]])","v":250},{"v":250,"d":"RD$250.00"},{"v":62500,"d":"RD$62,500.00"},{"v":28750,"d":"RD$28,750.00"},"COMPRA DIRECTA","VENTA DE SERVICIOS",{"$nulls":6},"2013 - Materiales para operaciones y perforación de petróleo y gas"]
["4411 - Accesorios de oficina y escritorio","DVD/CD","Unidad",200,225,200,200,{"$f":"SUM(Tabla1[[#This Row],[PRIMER TRIMESTRE]:[CUARTO TRIMESTRE]])","v":825},{"v":825,"d":"RD$825.00"},{"v":680625,"d":"RD$680,625.00"},{"v":103125,"d":"RD$103,125.00"},"COMPRA DIRECTA","VENTA DE SERVICIOS",{"$nulls":6},"2014 - Equipo de producción y operación de gas y petróleo"]
["4411 - Accesorios de oficina y escritorio","DISPENSADORES DE CINTA ADHESIVA","Unidad",50,75,75,50,{"$f":"SUM(Tabla1[[#This Row],[PRIMER TRIMESTRE]:[CUARTO TRIMESTRE]])","v":250},{"v":250,"d":"RD$250.00"},{"v":62500,"d":"RD$62,500.00"},{"v":43750,"d":"RD$43,750.00"},"COMPRA DIRECTA","VENTA DE SERVICIOS",{"$nulls":6},"2110 - Maquinaria y equipo para agricultura, silvicultura y paisaje"]
["4411 - Accesorios de oficina y escritorio","FOLDERS 8 1/2 X 13","Unidad",200,225,200,200,{"$f":"SUM(Tabla1[[#This Row],[PRIMER TRIMESTRE]:[CUARTO TRIMESTRE]])","v":825},{"v":825,"d":"RD$825.00"},{"v":680625,"d":"RD$680,625.00"},{"v":288750,"d":"RD$288,750.00"},"COMPRA DIRECTA","VENTA DE SERVICIOS",{"$nulls":6},"2111 - Equipo de pesca y acuicultura"]
["4411 - Accesorios de oficina y escritorio","RECAMBIOS DE AGENDA DE ESCRITORIO","Unidad",50,75,75,50,{"$f":"SUM(Tabla1[[#This Row],[PRIMER TRIMESTRE]:[CUARTO TRIMESTRE]])","v":250},{"v":250,"d":"RD$250.00"},{"v":62500,"d":"RD$62,500.00"},{"v":56250,"d":"RD$56,250.00"},"COMPRA DIRECTA","VENTA DE SERVICIOS",{"$nulls":6},"2210 - Maquinaria y equipo pesado de construcción"]
["4411 - Accesorios de oficina y escritorio","GOMAS DE BORRAR DE LECHE","Unidad",200,225,200,200,{"$f":"SUM(Tabla1[[#This Row],[PRIMER TRIMESTRE]:[CUARTO TRIMESTRE]])","v":825},{"v":825,"d":"RD$825.00"},{"v":680625,"d":"RD$680,625.00"},{"v":78375,"d":"RD$78,375.00"},"COMPRA DIRECTA","VENTA DE SERVICIOS",{"$nulls":6},"2310 - Maquinaria para la transformación de materias primas"]
["4411 - Accesorios de oficina y escritorio","HOJAS PROTECTORAS / TRANSPARENTE","Unidad",50,75,75,50,{"$f":"SUM(Tabla1[[#This Row],[PRIMER TRIMESTRE]:[CUARTO TRIMESTRE]])","v":250},{"v":250,"d":"RD$250.00"},{"v":62500,"d":"RD$62,500.00"},{"v":27500,"d":"RD$27,500.00"},"COMPRA DIRECTA","VENTA DE SERVICIOS",{"$nulls":6},"2311 - Maquinaria para transformación de petróleo"]
["4411 - Accesorios de oficina y escritorio","CARPETAS DE 3 ARGOLLAS 3 PULGADAS","Unidad",200,225,200,200,{"$f":"SUM(Tabla1[[#This Row],[PRIMER TRIMESTRE]:[CUARTO TRIMESTRE]])","v":825},{"v":825,"d":"RD$825.00"},{"v":680625,"d":"RD$680,625.00"},{"v":103125,"d":"RD$103,125.00"},"COMPRA DIRECTA","VENTA DE SERVICIOS",{"$nulls":6},"2312 - Maquinaria y accesorios de textiles y tejidos"]
["4411 - Accesorios de oficina y escritorio","CARPETAS DE 3 ARGOLLAS 1 PULGADAS","Unidad",50,75,75,50,{"$f":"SUM(Tabla1[[#This Row],[PRIMER TRIMESTRE]:[CUARTO TRIMESTRE]])","v":250},{"v":250,"d":"RD$250.00"},{"v":62500,"d":"RD$62,500.00"},{"v":27500,"d":"RD$27,500.00"},"COMPRA DIRECTA","VENTA DE SERVICIOS",{"$nulls":6},"2313 - Maquinaria y equipos lapidarios"]
["4411 - Accesorios de oficina y escritorio","CARPETAS DE 2 PULGADA","Unidad",200,225,200,200,{"$f":"SUM(Tabla1[[#This Row],[PRIMER TRIMESTRE]:[CUARTO TRIMESTRE]])","v":825},{"v":825,"d":"RD$825.00"},{"v":680625,"d":"RD$680,625.00"},{"v":94875,"d":"RD$94,875.00"},"COMPRA DIRECTA","VENTA DE SERVICIOS",{"$nulls":6},"2314 - Maquinaria de reparación y accesorios para trabajar cuero"]
["4411 - Accesorios de oficina y escritorio","CARPETAS DE 1/2 PULGADA","Unidad",50,75,75,50,{"$f":"SUM(Tabla1[[#This Row],[PRIMER TRIMESTRE]:[CUARTO TRIMESTRE]])","v":250},{"v":250,"d":"RD$250.00"},{"v":62500,"d":"RD$62,500.00"},{"v":25000,"d":"RD$25,000.00"},"COMPRA DIRECTA","VENTA DE SERVICIOS",{"$nulls":6},"2315 - Maquinaria, equipo y suministros de procesos industriales"]
["4411 - Accesorios de oficina y escritorio","ETIQUETAS PARA FOLDERS O PARA CARPETAS","Unidad",200,225,200,200,{"$f":"SUM(Tabla1[[#This Row],[PRIMER TRIMESTRE]:[CUARTO TRIMESTRE]])","v":825},{"v":825,"d":"RD$825.00"},{"v":680625,"d":"RD$680,625.00"},{"v":61875,"d":"RD$61,875.00"},"COMPRA DIRECTA","VENTA DE SERVICIOS",{"$nulls":6},"2316 - Máquinas, equipo y suministros para fundición"]
["4411 - Accesorios de oficina y escritorio","LIBRETAS RAYADAS 8 1/2 X 11","Unidad",50,75,75,50,{"$f":"SUM(Tabla1[[#This Row],[PRIMER TRIMESTRE]:[CUARTO TRIMESTRE]])","v":250},{"v":250,"d":"RD$250.00"},{"v":62500,"d":"RD$62,500.00"},{"v":22500,"d":"RD$22,500.00"},"COMPRA DIRECTA","VENTA DE SERVICIOS",{"$nulls":6},"2317 - Maquinaria, equipo y suministros para talleres"]
["4411 - Accesorios de oficina y escritorio","CAJAS TROQUELADAS ARCHIVADORAS","Unidad",200,225,200,200,{"$f":"SUM(Tabla1[[#This Row],[PRIMER TRIMESTRE]:[CUARTO TRIMESTRE]])","v":825},{"v":825,"d":"RD$825.00"},{"v":680625,"d":"RD$680,625.00"},{"v":103125,"d":"RD$103,125.00"},"COMPRA DIRECTA","VENTA DE SERVICIOS",{"$nulls":6},"2318 - Equipo industrial para alimentos y bebidas"]
["4411 - Accesorios de oficina y escritorio","GRAPAS PEQUEÑAS","Unidad",50,75,75,50,{"$f":"SUM(Tabla1[[#This Row],[PRIMER TRIMESTRE]:[CUARTO TRIMESTRE]])","v":250},{"v":250,"d":"RD$250.00"},{"v":62500,"d":"RD$62,500.00"},{"v":15000,"d":"RD$15,000.00"},"COMPRA DIRECTA","VENTA DE SERVICIOS",{"$nulls":6},"2319 - Mezcladores y sus partes y accesorios"]
["4411 - Accesorios de oficina y escritorio","GRAPAS GRANDES","Unidad",200,225,200,200,{"$f":"SUM(Tabla1[[#This Row],[PRIMER TRIMESTRE]:[CUARTO TRIMESTRE]])","v":825},{"v":825,"d":"RD$825.00"},{"v":680625,"d":"RD$680,625.00"},{"v":57750,"d":"RD$57,750.00"},"COMPRA DIRECTA","VENTA DE SERVICIOS",{"$nulls":6},"2320 - Equipamiento par transferencia de masa"]
["4411 - Accesorios de oficina y escritorio","CLIPS PEQUEÑOS","Unidad",50,75,75,50,{"$f":"SUM(Tabla1[[#This Row],[PRIMER TRIMESTRE]:[CUARTO TRIMESTRE]])","v":250},{"v":250,"d":"RD$250.00"},{"v":62500,"d":"RD$62,500.00"},{"v":13750,"d":"RD$13,750.00"},"COMPRA DIRECTA","VENTA DE SERVICIOS",{"$nulls":6},"2321 - Maquinaria de fabricación electrónica, equipo y accesorios"]
["4411 - Accesorios de oficina y escritorio","CARPETAS / FOLDERS DE LA DGCP (INSTITUCIONALES)","Unidad",200,225,200,200,{"$f":"SUM(Tabla1[[#This Row],[PRIMER TRIMESTRE]:[CUARTO TRIMESTRE]])","v":825},{"v":825,"d":"RD$825.00"},{"v":680625,"d":"RD$680,625.00"},{"v":61875,"d":"RD$61,875.00"},"COMPRA DIRECTA","VENTA DE SERVICIOS",{"$nulls":6},"2322 - Equipo y maquinaria de procesamiento de pollos"]
["4411 - Accesorios de oficina y escritorio","CLIPS GRANDES","Unidad",50,75,75,50,{"$f":"SUM(Tabla1[[#This Row],[PRIMER TRIMESTRE]:[CUARTO TRIMESTRE]])","v":250},{"v":250,"d":"RD$250.00"},{"v":62500,"d":"RD$62,500.00"},{"v":22500,"d":"RD$22,500.00"},"COMPRA DIRECTA","VENTA DE SERVICIOS",{"$nulls":6},"2323 - Equipo y maquinaria de procesamiento de madera y aserrado"]
["4411 - Accesorios de oficina y escritorio","BOLIGRAFOS TIMBRADOS","Unidad",200,225,200,200,{"$f":"SUM(Tabla1[[#This Row],[PRIMER TRIMESTRE]:[CUARTO TRIMESTRE]])","v":825},{"v":825,"d":"RD$825.00"},{"v":680625,"d":"RD$680,625.00"},{"v":103125,"d":"RD$103,125.00"},"COMPRA DIRECTA","VENTA DE SERVICIOS",{"$nulls":6},"2410 - Maquinaria y equipo para manejo de materiales"]
["4411 - Accesorios de oficina y escritorio","ETIQUETAS / LABELS PARA SOBRE ","Unidad",50,75,75,50,{"$f":"SUM(Tabla1[[#This Row],[PRIMER TRIMESTRE]:[CUARTO TRIMESTRE]])","v":250},{"v":250,"d":"RD$250.00"},{"v":62500,"d":"RD$62,500.00"},{"v":15000,"d":"RD$15,000.00"},"COMPRA DIRECTA","VENTA DE SERVICIOS",{"$nulls":6},"2411 - Recipientes y almacenamiento"]
["4411 - Accesorios de oficina y escritorio","LIBRETAS RAYADAS 8 1/2 X 5","Unidad",200,225,200,200,{"$f":"SUM(Tabla1[[#This Row],[PRIMER TRIMESTRE]:[CUARTO TRIMESTRE]])","v":825},{"v":825,"d":"RD$825.00"},{"v":680625,"d":"RD$680,625.00"},{"v":37125,"d":"RD$37,125.00"},"COMPRA DIRECTA","VENTA DE SERVICIOS",{"$nulls":6},"2412 - Materiales de envasado"]
["4411 - Accesorios de oficina y escritorio","PAPEL TIMBRADO INTERNA B/N","Unidad",50,75,75,50,{"$f":"SUM(Tabla1[[#This Row],[PRIMER TRIMESTRE]:[CUARTO TRIMESTRE]])","v":250},{"v":250,"d":"RD$250.00"},{"v":62500,"d":"RD$62,500.00"},{"v":87500,"d":"RD$87,500.00"},"COMPRA DIRECTA","VENTA DE SERVICIOS",{"$nulls":6},"2413 - Refrigeración industrial"]
["4411 - Accesorios de oficina y escritorio","PERFORADORAS DE 3 HOYOS","Unidad",200,225,200,200,{"$f":"SUM(Tabla1[[#This Row],[PRIMER TRIMESTRE]:[CUARTO TRIMESTRE]])","v":825},{"v":825,"d":"RD$825.00"},{"v":680625,"d":"RD$680,625.00"},{"v":206250,"d":"RD$206,250.00"},"COMPRA DIRECTA","VENTA DE SERVICIOS",{"$nulls":6},"2414 - Suministros de embalaje"]
["4411 - Accesorios de oficina y escritorio","MURAL DE PARED TIPO CORCHO 30 X 40 PULG","Unidad",50,75,75,50,{"$f":"SUM(Tabla1[[#This Row],[PRIMER TRIMESTRE]:[CUARTO TRIMESTRE]])","v":250},{"v":250,"d":"RD$250.00"},{"v":62500,"d":"RD$62,500.00"},{"v":112500,"d":"RD$112,500.00"},"COMPRA DIRECTA","VENTA DE SERVICIOS",{"$nulls":6},"2510 - Vehículos de motor"]
["4411 - Accesorios de oficina y escritorio","GRAPADORA","Unidad",200,225,200,200,{"$f":"SUM(Tabla1[[#This Row],[PRIMER TRIMESTRE]:[CUARTO TRIMESTRE]])","v":825},{"v":825,"d":"RD$825.00"},{"v":680625,"d":"RD$680,625.00"},{"v":206250,"d":"RD$206,250.00"},"COMPRA DIRECTA","VENTA DE SERVICIOS",{"$nulls":6},"2511 - Transporte marítimo"]
["4411 - Accesorios de oficina y escritorio","CARTULINA DE HILO 81/2 x 11","Unidad",50,75,75,50,{"$f":"SUM(Tabla1[[#This Row],[PRIMER TRIMESTRE]:[CUARTO TRIMESTRE]])","v":250},{"v":250,"d":"RD$250.00"},{"$f":"+H75*I75","v":{"v":62500,"d":"RD$62,500.00"}},{"v":6250,"d":"RD$6,250.00"},"COMPRA DIRECTA","VENTA DE SERVICIOS",{"$nulls":6},"2512 - Maquinaria y equipo para ferrocarril y tranvías"]
["4411 - Accesorios de oficina y escritorio","BANDEJAS PORTAPAPELES","Unidad",200,225,200,200,{"$f":"SUM(Tabla1[[#This Row],[PRIMER TRIMESTRE]:[CUARTO TRIMESTRE]])","v":825},{"v":825,"d":"RD$825.00"},{"v":680625,"d":"RD$680,625.00"},{"v":288750,"d":"RD$288,750.00"},"COMPRA DIRECTA","VENTA DE SERVICIOS",{"$nulls":6},"2513 - Aeronaves"]
["4411 - Accesorios de oficina y escritorio","GOMITAS ","Unidad",50,75,75,50,{"$f":"SUM(Tabla1[[#This Row],[PRIMER TRIMESTRE]:[CUARTO TRIMESTRE]])","v":250},{"v":250,"d":"RD$250.00"},{"v":62500,"d":"RD$62,500.00"},{"v":18750,"d":"RD$18,750.00"},"COMPRA DIRECTA","VENTA DE SERVICIOS",{"$nulls":6},"2515 - Cosmonaves"]
["4411 - Accesorios de oficina y escritorio","CHINCHETAS","Unidad",200,225,200,200,{"$f":"SUM(Tabla1[[#This Row],[PRIMER TRIMESTRE]:[CUARTO TRIMESTRE]])","v":825},{"v":825,"d":"RD$825.00"},{"v":680625,"d":"RD$680,625.00"},{"v":61875,"d":"RD$61,875.00"},"COMPRA DIRECTA","VENTA DE SERVICIOS",{"$nulls":6},"2516 - Bicicletas no motorizadas"]
["4411 - Accesorios de oficina y escritorio","GRAPADORA GRANDE 100 PAGINAS","Unidad",50,75,75,50,{"$f":"SUM(Tabla1[[#This Row],[PRIMER TRIMESTRE]:[CUARTO TRIMESTRE]])","v":250},{"v":250,"d":"RD$250.00"},{"v":62500,"d":"RD$62,500.00"},{"v":187500,"d":"RD$187,500.00"},"COMPRA DIRECTA","VENTA DE SERVICIOS",{"$nulls":6},"2517 - Componentes y sistemas de transporte"]
["4411 - Accesorios de oficina y escritorio","PORTA CLIP","Unidad",200,225,200,200,{"$f":"SUM(Tabla1[[#This Row],[PRIMER TRIMESTRE]:[CUARTO TRIMESTRE]])","v":825},{"v":825,"d":"RD$825.00"},{"v":680625,"d":"RD$680,625.00"},{"v":37125,"d":"RD$37,125.00"},"COMPRA DIRECTA","VENTA DE SERVICIOS",{"$nulls":6},"2518 - Carrocerías y remolques  "]
["4411 - Accesorios de oficina y escritorio","SACA GRAPA","Unidad",50,75,75,50,{"$f":"SUM(Tabla1[[#This Row],[PRIMER TRIMESTRE]:[CUARTO TRIMESTRE]])","v":250},{"v":250,"d":"RD$250.00"},{"v":62500,"d":"RD$62,500.00"},{"v":13750,"d":"RD$13,750.00"},"COMPRA DIRECTA","VENTA DE SERVICIOS",{"$nulls":6},"2519 - Equipo para servicios de transporte"]
["4411 - Accesorios de oficina y escritorio","SACAPUNTA ELECTRICO","Unidad",200,225,200,200,{"$f":"SUM(Tabla1[[#This Row],[PRIMER TRIMESTRE]:[CUARTO TRIMESTRE]])","v":825},{"v":825,"d":"RD$825.00"},{"v":680625,"d":"RD$680,625.00"},{"v":536250,"d":"RD$536,250.00"},"COMPRA DIRECTA","VENTA DE SERVICIOS",{"$nulls":6},"2520 - Sistemas aeroespaciales y componentes y equipo"]
["4411 - Accesorios de oficina y escritorio","SEPARADORES ALFABETICOS P/CARPETAS","Unidad",50,75,75,50,{"$f":"SUM(Tabla1[[#This Row],[PRIMER TRIMESTRE]:[CUARTO TRIMESTRE]])","v":250},{"v":250,"d":"RD$250.00"},{"v":62500,"d":"RD$62,500.00"},{"v":62500,"d":"RD$62,500.00"},"COMPRA DIRECTA","VENTA DE SERVICIOS",{"$nulls":6},"2610 - Fuentes de energía"]
["4411 - Accesorios de oficina y escritorio","SOBRE MANILA 8 1/2 x 11","Unidad",200,225,200,200,{"$f":"SUM(Tabla1[[#This Row],[PRIMER TRIMESTRE]:[CUARTO TRIMESTRE]])","v":825},{"v":825,"d":"RD$825.00"},{"v":680625,"d":"RD$680,625.00"},{"v":371250,"d":"RD$371,250.00"},"COMPRA DIRECTA","VENTA DE SERVICIOS",{"$nulls":6},"2611 - Transmisión de baterías, generadores y energía cinética"]
["4411 - Accesorios de oficina y escritorio","TIJERA","Unidad",50,75,75,50,{"$f":"SUM(Tabla1[[#This Row],[PRIMER TRIMESTRE]:[CUARTO TRIMESTRE]])","v":250},{"v":250,"d":"RD$250.00"},{"v":62500,"d":"RD$62,500.00"},{"v":56250,"d":"RD$56,250.00"},"COMPRA DIRECTA","VENTA DE SERVICIOS",{"$nulls":6},"2612 - Alambres, cables o arneses"]
["4411 - Accesorios de oficina y escritorio","UHU","Unidad",200,225,200,200,{"$f":"SUM(Tabla1[[#This Row],[PRIMER TRIMESTRE]:[CUARTO TRIMESTRE]])","v":825},{"v":825,"d":"RD$825.00"},{"v":680625,"d":"RD$680,625.00"},{"v":103125,"d":"RD$103,125.00"},"COMPRA DIRECTA","VENTA DE SERVICIOS",{"$nulls":6},"2613 - Generación de energía"]
["4411 - Accesorios de oficina y escritorio","VARILLA PENDAFLEX","Unidad",50,75,75,50,{"$f":"SUM(Tabla1[[#This Row],[PRIMER TRIMESTRE]:[CUARTO TRIMESTRE]])","v":250},{"v":250,"d":"RD$250.00"},{"v":62500,"d":"RD$62,500.00"},{"v":62500,"d":"RD$62,500.00"},"COMPRA DIRECTA","VENTA DE SERVICIOS",{"$nulls":6},"2614 - Maquinaria y equipo para energía atómica o nuclear"]
["4411 - Accesorios de oficina y escritorio","SOBRES EN BLANCO","Unidad",200,225,200,200,{"$f":"SUM(Tabla1[[#This Row],[PRIMER TRIMESTRE]:[CUARTO TRIMESTRE]])","v":825},{"v":825,"d":"RD$825.00"},{"v":680625,"d":"RD$680,625.00"},{"v":103125,"d":"RD$103,125.00"},"COMPRA DIRECTA","VENTA DE SERVICIOS",{"$nulls":6},"2711 - Herramientas de mano"]
["4411 - Accesorios de oficina y escritorio","ORGANIZADORES DE TARJETAS","Unidad",50,75,75,50,{"$f":"SUM(Tabla1[[#This Row],[PRIMER TRIMESTRE]:[CUARTO TRIMESTRE]])","v":250},{"v":250,"d":"RD$250.00"},{"v":62500,"d":"RD$62,500.00"},{"v":31250,"d":"RD$31,250.00"},"COMPRA DIRECTA","VENTA DE SERVICIOS",{"$nulls":6},"2712 - Maquinaria y equipo hidráulico"]
["4411 - Accesorios de oficina y escritorio","PORTA LAPICES","Unidad",200,225,200,200,{"$f":"SUM(Tabla1[[#This Row],[PRIMER TRIMESTRE]:[CUARTO TRIMESTRE]])","v":825},{"v":825,"d":"RD$825.00"},{"v":680625,"d":"RD$680,625.00"},{"v":103125,"d":"RD$103,125.00"},"COMPRA DIRECTA","VENTA DE SERVICIOS",{"$nulls":6},"2713 - Maquinaria y equipo neumático"]
["4411 - Accesorios de oficina y escritorio","SEPARADORES POR MES P/CARPETAS","Unidad",50,75,75,50,{"$f":"SUM(Tabla1[[#This Row],[PRIMER TRIMESTRE]:[CUARTO TRIMESTRE]])","v":250},{"v":250,"d":"RD$250.00"},{"v":62500,"d":"RD$62,500.00"},{"v":62500,"d":"RD$62,500.00"},"COMPRA DIRECTA","VENTA DE SERVICIOS",{"$nulls":6},"2714 - Herramientas especializadas de automoción"]
["4411 - Accesorios de oficina y escritorio","TAPE DOBLE CARA","Unidad",200,225,200,200,{"$f":"SUM(Tabla1[[#This Row],[PRIMER TRIMESTRE]:[CUARTO TRIMESTRE]])","v":825},{"v":825,"d":"RD$825.00"},{"v":680625,"d":"RD$680,625.00"},{"v":288750,"d":"RD$288,750.00"},"COMPRA DIRECTA","VENTA DE SERVICIOS",{"$nulls":6},"3010 - Materiales estructurales: formas básicas"]
["4411 - Accesorios de oficina y escritorio","PAPEL CONSTRUCCION","Unidad",50,75,75,50,{"$f":"SUM(Tabla1[[#This Row],[PRIMER TRIMESTRE]:[CUARTO TRIMESTRE]])","v":250},{"v":250,"d":"RD$250.00"},{"v":62500,"d":"RD$62,500.00"},{"v":31250,"d":"RD$31,250.00"},"COMPRA DIRECTA","VENTA DE SERVICIOS",{"$nulls":6},"3011 - Hormigón, cemento y yeso"]
["4411 - Accesorios de oficina y escritorio","CARTULINAS DE COLORES","Unidad",200,225,200,200,{"$f":"SUM(Tabla1[[#This Row],[PRIMER TRIMESTRE]:[CUARTO TRIMESTRE]])","v":825},{"v":825,"d":"RD$825.00"},{"v":680625,"d":"RD$680,625.00"},{"v":12375,"d":"RD$12,375.00"},"COMPRA DIRECTA","VENTA DE SERVICIOS",{"$nulls":6},"3012 - Carreteras y paisaje"]
["4411 - Accesorios de oficina y escritorio","GLOBOS DE DIFERENTES COLORES","Unidad",50,75,75,50,{"$f":"SUM(Tabla1[[#This Row],[PRIMER TRIMESTRE]:[CUARTO TRIMESTRE]])","v":250},{"v":250,"d":"RD$250.00"},{"v":62500,"d":"RD$62,500.00"},{"v":2500,"d":"RD$2,500.00"},"COMPRA DIRECTA","VENTA DE SERVICIOS",{"$nulls":6},"3013 - Productos de construcción estructurales"]
["4411 - Accesorios de oficina y escritorio","LETRERO DE FELIZ CUMPLEAÑOS","Unidad",200,225,200,200,{"$f":"SUM(Tabla1[[#This Row],[PRIMER TRIMESTRE]:[CUARTO TRIMESTRE]])","v":825},{"v":825,"d":"RD$825.00"},{"v":680625,"d":"RD$680,625.00"},{"v":103125,"d":"RD$103,125.00"},"COMPRA DIRECTA","VENTA DE SERVICIOS",{"$nulls":6},"3014 - Aislamiento"]
["4411 - Accesorios de oficina y escritorio","PISTOLA DE SILICON","Unidad",50,75,75,50,{"$f":"SUM(Tabla1[[#This Row],[PRIMER TRIMESTRE]:[CUARTO TRIMESTRE]])","v":250},{"v":250,"d":"RD$250.00"},{"v":62500,"d":"RD$62,500.00"},{"v":68750,"d":"RD$68,750.00"},"COMPRA DIRECTA","VENTA DE SERVICIOS",{"$nulls":6},"3015 - Materiales para acabado de exteriores"]
["4411 - Accesorios de oficina y escritorio","ROLLO DE CINTA DE DIFERENTES COLORES","Unidad",200,225,200,200,{"$f":"SUM(Tabla1[[#This Row],[PRIMER TRIMESTRE]:[CUARTO TRIMESTRE]])","v":825},{"v":825,"d":"RD$825.00"},{"v":680625,"d":"RD$680,625.00"},{"v":288750,"d":"RD$288,750.00"},"COMPRA DIRECTA","VENTA DE SERVICIOS",{"$nulls":6},"3016 - Materiales de acabado de interiores"]
["4411 - Accesorios de oficina y escritorio","PORTA NOMBRE","Unidad",50,75,75,50,{"$f":"SUM(Tabla1[[#This Row],[PRIMER TRIMESTRE]:[CUARTO TRIMESTRE]])","v":250},{"v":250,"d":"RD$250.00"},{"v":62500,"d":"RD$62,500.00"},{"v":43750,"d":"RD$43,750.00"},"COMPRA DIRECTA","VENTA DE SERVICIOS",{"$nulls":6},"3017 - Puertas y ventanas y vidrio"]
["4411 - Accesorios de oficina y escritorio","MAQUINA DE ESCRIBIR","Unidad",200,225,200,200,{"$f":"SUM(Tabla1[[#This Row],[PRIMER TRIMESTRE]:[CUARTO TRIMESTRE]])","v":825},{"v":825,"d":"RD$825.00"},{"v":680625,"d":"RD$680,625.00"},{"v":3712500,"d":"RD$3,712,500.00"},"COMPRA DIRECTA","VENTA DE SERVICIOS",{"$nulls":6},"3018 - Instalaciones de baño"]
["4411 - Accesorios de oficina y escritorio","FAX","Unidad",50,75,75,50,{"$f":"SUM(Tabla1[[#This Row],[PRIMER TRIMESTRE]:[CUARTO TRIMESTRE]])","v":250},{"v":250,"d":"RD$250.00"},{"v":62500,"d":"RD$62,500.00"},{"v":1625000,"d":"RD$1,625,000.00"},"COMPRA DIRECTA","VENTA DE SERVICIOS",{"$nulls":6},"3019 - Equipo de apoyo para Construcción y Mantenimiento"]
["4411 - Accesorios de oficina y escritorio","CALCULADORA","Unidad",200,225,200,200,{"$f":"SUM(Tabla1[[#This Row],[PRIMER TRIMESTRE]:[CUARTO TRIMESTRE]])","v":825},{"v":825,"d":"RD$825.00"},{"v":680625,"d":"RD$680,625.00"},{"v":2640000,"d":"RD$2,640,000.00"},"COMPRA DIRECTA","VENTA DE SERVICIOS",{"$nulls":6},"3020 - Estructuras prefabricadas"]
["4411 - Accesorios de oficina y escritorio","MESAS ALTAS PARA EVENTOS","Unidad",200,225,200,200,{"$f":"SUM(Tabla1[[#This Row],[PRIMER TRIMESTRE]:[CUARTO TRIMESTRE]])","v":825},{"v":825,"d":"RD$825.00"},{"v":680625,"d":"RD$680,625.00"},{"v":2970000,"d":"RD$2,970,000.00"},"COMPRA DIRECTA","VENTA DE SERVICIOS",{"$nulls":6},"3022 - Estructuras Permanentes"]
["4411 - Accesorios de oficina y escritorio","ARCHIVOS","Unidad",50,75,75,50,{"$f":"SUM(Tabla1[[#This Row],[PRIMER TRIMESTRE]:[CUARTO TRIMESTRE]])","v":250},{"v":250,"d":"RD$250.00"},{"v":62500,"d":"RD$62,500.00"},{"v":875000,"d":"RD$875,000.00"},"COMPRA DIRECTA","VENTA DE SERVICIOS",{"$nulls":6},"3110 - Piezas de fundición"]
["4411 - Accesorios de oficina y escritorio","SILLON EJECUTIVO","Unidad",200,225,200,200,{"$f":"SUM(Tabla1[[#This Row],[PRIMER TRIMESTRE]:[CUARTO TRIMESTRE]])","v":825},{"v":825,"d":"RD$825.00"},{"v":680625,"d":"RD$680,625.00"},{"v":6187500,"d":"RD$6,187,500.00"},"COMPRA DIRECTA","VENTA DE SERVICIOS",{"$nulls":6},"3111 - Extrusiones"]
[{"$nulls":7},{"$f":"SUM(Tabla1[[#This Row],[PRIMER TRIMESTRE]:[CUARTO TRIMESTRE]])","v":0},null,{"v":0,"d":"RD$0.00"},{"$nulls":9},"3112 - Piezas fundidas mecanizadas"]
[{"$nulls":7},{"$f":"SUM(Tabla1[[#This Row],[PRIMER TRIMESTRE]:[CUARTO TRIMESTRE]])","v":0},null,{"$f":"+H107*I107","v":{"v":0,"d":"RD$0.00"}},{"$nulls":9},"3113 - Forjaduras"]
[{"$nulls":7},{"$f":"SUM(Tabla1[[#This Row],[PRIMER TRIMESTRE]:[CUARTO TRIMESTRE]])","v":0},null,{"v":0,"d":"RD$0.00"},{"$nulls":9},"3114 - Molduras"]
[{"$nulls":7},{"$f":"SUM(Tabla1[[#This Row],[PRIMER TRIMESTRE]:[CUARTO TRIMESTRE]])","v":0},null,{"v":0,"d":"RD$0.00"},{"$nulls":9},"3138 - Imanes y materiales magnéticos"]
[{"$nulls":7},{"$f":"SUM(Tabla1[[#This Row],[PRIMER TRIMESTRE]:[CUARTO TRIMESTRE]])","v":0},null,{"v":0,"d":"RD$0.00"},{"$nulls":9},"3210 - Circuitos impresos, circuitos integrados y micro ensamblajes"]
[{"$nulls":7},{"$f":"SUM(Tabla1[[#This Row],[PRIMER TRIMESTRE]:[CUARTO TRIMESTRE]])","v":0},null,{"v":0,"d":"RD$0.00"},{"$nulls":9},"3211 - Dispositivo semiconductor discreto"]
[{"$nulls":7},{"$f":"SUM(Tabla1[[#This Row],[PRIMER TRIMESTRE]:[CUARTO TRIMESTRE]])","v":0},null,{"v":0,"d":"RD$0.00"},{"$nulls":9},"3212 - Componentes pasivos discretos"]
[{"$nulls":7},{"$f":"SUM(Tabla1[[#This Row],[PRIMER TRIMESTRE]:[CUARTO TRIMESTRE]])","v":0},null,{"v":0,"d":"RD$0.00"},{"$nulls":9},"3213 - Piezas de componentes y hardware electrónicos y accesorios"]
[{"$nulls":7},{"$f":"SUM(Tabla1[[#This Row],[PRIMER TRIMESTRE]:[CUARTO TRIMESTRE]])","v":0},null,{"v":0,"d":"RD$0.00"},{"$nulls":9},"3214 - Dispositivos de tubo electrónico y accesorios"]
[{"$nulls":7},{"$f":"SUM(Tabla1[[#This Row],[PRIMER TRIMESTRE]:[CUARTO TRIMESTRE]])","v":0},null,{"v":0,"d":"RD$0.00"},{"$nulls":9},"3910 - Lámparas y bombillas y componentes para lámparas"]
[{"$nulls":7},{"$f":"SUM(Tabla1[[#This Row],[PRIMER TRIMESTRE]:[CUARTO TRIMESTRE]])","v":0},null,{"$f":"+H116*I116","v":{"v":0,"d":"RD$0.00"}},{"$nulls":9},"3911 - Iluminación, artefactos y accesorios"]
[{"$nulls":7},{"$f":"SUM(Tabla1[[#This Row],[PRIMER TRIMESTRE]:[CUARTO TRIMESTRE]])","v":0},null,{"v":0,"d":"RD$0.00"},{"$nulls":9},"3912 - Equipos, suministros y componentes eléctricos"]
[{"$nulls":7},{"$f":"SUM(Tabla1[[#This Row],[PRIMER TRIMESTRE]:[CUARTO TRIMESTRE]])","v":0},null,{"v":0,"d":"RD$0.00"},{"$nulls":9},"4010 - Calefacción, ventilación y circulación del aire"]
[{"$nulls":7},{"$f":"SUM(Tabla1[[#This Row],[PRIMER TRIMESTRE]:[CUARTO TRIMESTRE]])","v":0},null,{"v":0,"d":"RD$0.00"},{"$nulls":9},"4014 - Distribución de fluidos y gas"]
[{"$nulls":7},{"$f":"SUM(Tabla1[[#This Row],[PRIMER TRIMESTRE]:[CUARTO TRIMESTRE]])","v":0},null,{"v":0,"d":"RD$0.00"},{"$nulls":9},"4015 - Bombas y compresores industriales"]
[{"$nulls":7},{"$f":"SUM(Tabla1[[#This Row],[PRIMER TRIMESTRE]:[CUARTO TRIMESTRE]])","v":0},null,{"v":0,"d":"RD$0.00"},{"$nulls":9},"4016 - Filtrado y purificación industrial"]
[{"$nulls":7},{"$f":"SUM(Tabla1[[#This Row],[PRIMER TRIMESTRE]:[CUARTO TRIMESTRE]])","v":0},null,{"v":0,"d":"RD$0.00"},{"$nulls":9},"4110 - Equipo de laboratorio y científico"]
[{"$nulls":7},{"$f":"SUM(Tabla1[[#This Row],[PRIMER TRIMESTRE]:[CUARTO TRIMESTRE]])","v":0},null,{"v":0,"d":"RD$0.00"},{"$nulls":9},"4111 - Instrumentos de medida, observación y ensayo"]
[{"$nulls":19},"4112 - Suministros y accesorios de laboratorio"]
[{"$nulls":19},"4212 - Equipos y suministros veterinarios"]
[{"$nulls":19},"4213 - Telas y vestidos médicos"]
[{"$nulls":19},"4214 - Suministros y productos de tratamiento y cuidado del enfermo"]
[{"$nulls":19},"4215 - Equipos y suministros dentales"]
[{"$nulls":19},"4216 - Equipo de diálisis y suministros"]
[{"$nulls":19},"4217 - Productos para los servicios médicos de urgencias y campo"]
[{"$nulls":19},"4218 - Productos de examen y control del paciente"]
[{"$nulls":19},"4219 - Productos de facilidad médica"]
[{"$nulls":19},"4220 - Productos de hacer imágenes diagnósticas médicas y de medicina nuclear"]
[{"$nulls":19},"4221 - Ayuda para personas con desafíos físicos para vivir independiente"]
[{"$nulls":19},"4222 - Productos para administración intravenosa y arterial"]
[{"$nulls":19},"4223 - Nutrición clínica"]
[{"$nulls":19},"4224 - Productos medicinales de deportes y prostético y ortopédico"]
[{"$nulls":19},"4225 - Productos de rehabilitación y terapia ocupacional y física"]
[{"$nulls":19},"4226 - Equipo y suministros post mortem y funerarios"]
[{"$nulls":19},"4227 - Productos de resucitación y anestesia y respiratorio"]
[{"$nulls":19},"4228 - Productos para la esterilización médica"]
[{"$nulls":19},"4229 - Productos quirúrgicos"]
[{"$nulls":19},"4230 - Suministros para formación y estudios de medicina"]
[{"$nulls":19},"4231 - Productos para el cuidado de heridas"]
[{"$nulls":19},"4319 - Dispositivos de comunicaciones y accesorios"]
[{"$nulls":19},"4320 - Componentes para tecnología de la información, difusión o telecomunicaciones"]
[{"$nulls":19},"4321 - Equipo informático y accesorios"]
[{"$nulls":19},"4322 - Datos-voz, equipo de red multimedia, plataformas y accesorios"]
[{"$nulls":19},"4323 - Software"]
[{"$nulls":19},"4410 - Maquinaria, suministros y accesorios de oficina"]
[{"$nulls":19},"4411 - Accesorios de oficina y escritorio"]
[{"$nulls":19},"4412 - Suministros de oficina"]
[{"$nulls":19},"4510 - Equipo de imprenta y publicación"]
[{"$nulls":19},"4511 - Equipos de audio y video para presentación y composición"]
[{"$nulls":19},"4512 - Equipo de vídeo, filmación o fotografía"]
[{"$nulls":19},"4513 - Medios fotográficos y de grabación"]
[{"$nulls":19},"4514 - Suministros fotográficos para cine"]
[{"$nulls":19},"4610 - Armas ligeras y munición"]
[{"$nulls":19},"4611 - Armas de guerra convencionales"]
[{"$nulls":19},"4612 - Misiles"]
[{"$nulls":19},"4613 - Cohetes y subsistemas"]
[{"$nulls":19},"4614 - Lanzadores"]
[{"$nulls":19},"4615 - Orden Público"]
[{"$nulls":19},"4616 - Seguridad y control público"]
[{"$nulls":19},"4617 - Seguridad, vigilancia y detección"]
[{"$nulls":19},"4618 - Seguridad y protección personal"]
[{"$nulls":19},"4619 - Protección contra incendios"]
[{"$nulls":19},"4710 - Tratamiento, suministros y eliminación de agua y aguas residuales"]
[{"$nulls":19},"4711 - Equipo industrial de lavandería y limpieza en seco"]
[{"$nulls":19},"4712 - Equipo de limpieza"]
[{"$nulls":19},"4713 - Suministros de limpieza"]
[{"$nulls":19},"4810 - Equipos de servicios de alimentación para instituciones"]
[{"$nulls":19},"4811 - Máquinas expendedoras"]
[{"$nulls":19},"4812 - Equipo de Juego o de Apostar"]
[{"$nulls":19},"4910 - Coleccionables y condecoraciones"]
[{"$nulls":19},"4912 - Equipos y accesorios para acampada y exterior"]
[{"$nulls":19},"4913 - Equipos de pesca y caza"]
[{"$nulls":19},"4914 - Equipos para deportes acuáticos"]
[{"$nulls":19},"4915 - Equipos para deportes de invierno"]
[{"$nulls":19},"4916 - Equipos deportivos para campos y canchas"]
[{"$nulls":19},"4917 - Equipos de gimnasia y boxeo"]
[{"$nulls":19},"4918 - Juegos y equipo de tiro y mesa"]
[{"$nulls":19},"4920 - Equipo para entrenamiento físico"]
[{"$nulls":19},"4921 - Otros deportes"]
[{"$nulls":19},"4922 - Equipo de deporte y accesorios"]
[{"$nulls":19},"4924 - Equipo de recreo y parques infantiles y equipo y suministros de natación y de spa"]
[{"$nulls":19},"5010 - Frutas, verduras y frutos secos"]
[{"$nulls":19},"5011 - Productos de carne y aves de corral"]
[{"$nulls":19},"5012 - Pescados y mariscos"]
[{"$nulls":19},"5013 - Productos lácteos y huevos"]
[{"$nulls":19},"5015 - Aceites y grasas comestibles"]
[{"$nulls":19},"5016 - Chocolates, azúcares, edulcorantes y productos de confitería"]
[{"$nulls":19},"5017 - Condimentos y conservantes"]
[{"$nulls":19},"5018 - Productos de panadería"]
[{"$nulls":19},"5019 - Alimentos preparados y conservados"]
[{"$nulls":19},"5020 - Bebidas"]
[{"$nulls":19},"5021 - Tabaco y productos de fumar y substitutos"]
[{"$nulls":19},"5022 - Productos de Cereales y Legumbres"]
[{"$nulls":19},"5110 - Medicamentos antiinfecciosos"]
[{"$nulls":19},"5111 - Agentes antitumorales"]
[{"$nulls":19},"5112 - Medicamentos cardiovasculares"]
[{"$nulls":19},"5113 - Medicamentos hematólicos"]
[{"$nulls":19},"5114 - Medicamentos para el sistema nervioso central"]
[{"$nulls":19},"5115 - Medicamentos para el sistema nervioso autónomo"]
[{"$nulls":19},"5116 - Medicamentos que afectan al tracto respiratorio"]
[{"$nulls":19},"5117 - Medicamentos que afectan al sistema gastrointestinal"]
[{"$nulls":19},"5118 - Hormonas y antagonistas hormonales"]
[{"$nulls":19},"5119 - Agentes que afectan el agua y los electrolitos"]
[{"$nulls":19},"5120 - Medicamentos inmunomoduladores"]
[{"$nulls":19},"5121 - Categorías de medicamentos varios"]
[{"$nulls":19},"5124 - Fármacos que afectan a los oídos, los ojos, la nariz y la piel"]
[{"$nulls":19},"5125 - Suplementos alimenticios veterinarios"]
[{"$nulls":19},"5210 - Revestimientos de suelos"]
[{"$nulls":19},"5212 - Ropa de cama, mantelerías, paños de cocina y toallas"]
[{"$nulls":19},"5213 - Tratamientos de ventanas"]
[{"$nulls":19},"5214 - Aparatos electrodomésticos"]
[{"$nulls":19},"5215 - Utensilios de cocina domésticos"]
[{"$nulls":19},"5216 - Electrónica de consumo"]
[{"$nulls":19},"5217 - Tratamientos de pared doméstica"]
[{"$nulls":19},"5310 - Ropa"]
[{"$nulls":19},"5311 - Calzado"]
[{"$nulls":19},"5312 - Maletas, bolsos de mano, mochilas y estuches"]
[{"$nulls":19},"5313 - Artículos de tocador"]
[{"$nulls":19},"5314 - Fuentes y accesorios de costura"]
[{"$nulls":19},"5410 - Joyería"]
[{"$nulls":19},"5411 - Relojes"]
[{"$nulls":19},"5412 - Gemas"]
[{"$nulls":19},"5510 - Medios impresos"]
[{"$nulls":19},"5511 - Material electrónico de referencia"]
[{"$nulls":19},"5512 - Etiquetado y accesorios"]
[{"$nulls":19},"5610 - Muebles de alojamiento"]
[{"$nulls":19},"5611 - Muebles comerciales e industriales"]
[{"$nulls":19},"5612 - Mobiliario institucional, escolar y educativo y accesorios"]
[{"$nulls":19},"6010 - Materiales didácticos profesionales y de desarrollo y accesorios y suministros"]
[{"$nulls":19},"6011 - Decoraciones y suministros del aula"]
[{"$nulls":19},"6012 - Equipo de arte y manualidades, accesorios y suministros"]
[{"$nulls":19},"6013 - Instrumentos musicales, piezas y accesorios"]
[{"$nulls":19},"6014 - Juguetes y juegos"]
[{"$nulls":19},"7010 - Pesquerías y acuicultura"]
[{"$nulls":19},"7011 - Horticultura"]
[{"$nulls":19},"7012 - Servicios de ganadería"]
[{"$nulls":19},"7013 - Preparación, gestión y protección del terreno y del suelo"]
[{"$nulls":19},"70140000 Producción, gestión y protección de cultivos"]
[{"$nulls":19},"7015 - Cultivos forestales"]
[{"$nulls":19},"7016 - Fauna y flora"]
[{"$nulls":19},"7017 - Desarrollo y vigilancia de recursos hidráulicos"]
[{"$nulls":19},"7110 - Servicios de minería"]
[{"$nulls":19},"7111 - Servicios de perforación y prospección petrolífera y de gas"]
[{"$nulls":19},"7112 - Servicios de mantenimiento y construcción de perforación de pozos"]
[{"$nulls":19},"7113 - Servicios de aumento de la extracción producción de gas y petróleo"]
[{"$nulls":19},"7114 - Servicios de restauración y recuperación de gas y aceite"]
[{"$nulls":19},"7115 - Servicios de procesar y gestión de datos del aceite y gas"]
[{"$nulls":19},"7116 - Servicios de gerencia del proyecto de aceite y gas del pozo"]
[{"$nulls":19},"7210 - Construcción de edificios, atención, mantenimiento y servicios de reparaciones"]
[{"$nulls":19},"7213 - Construcción general de edificios"]
[{"$nulls":19},"7310 - Industrias de plásticos y productos químicos"]
[{"$nulls":19},"7311 - Industrias de la madera y el papel"]
[{"$nulls":19},"7312 - Industrias del metal y de minerales"]
[{"$nulls":19},"7313 - Industrias de alimentos y bebidas"]
[{"$nulls":19},"7314 - Industrias de fibras, textiles y de tejidos"]
[{"$nulls":19},"7315 - Servicios de apoyo a la fabricación"]
[{"$nulls":19},"7316 - Fabricación de maquinaria y equipo de transporte"]
[{"$nulls":19},"7317 - Fabricación de productos eléctricos e instrumentos de precisión"]
[{"$nulls":19},"7318 - Servicios de labrado y procesado"]
[{"$nulls":19},"7610 - Servicios de descontaminación"]
[{"$nulls":19},"7611 - Servicios de limpieza y de consejería"]
[{"$nulls":19},"7612 - Eliminación y tratamiento de desechos"]
[{"$nulls":19},"7613 - Limpieza de residuos tóxicos y peligrosos"]
[{"$nulls":19},"7710 - Gestión medioambiental"]
[{"$nulls":19},"7711 - Protección medioambiental"]
[{"$nulls":19},"7712 - Seguimiento, control y rehabilitación de la contaminación"]
[{"$nulls":19},"7713 - Servicios de seguimiento, control o rehabilitación de contaminantes"]
[{"$nulls":19},"7810 - Transporte de correo y carga"]
[{"$nulls":19},"7811 - Transporte de pasajeros"]
[{"$nulls":19},"7812 - Manejo y embalaje de material"]
[{"$nulls":19},"7813 - Almacenaje"]
[{"$nulls":19},"7814 - Operaciones de transporte"]
[{"$nulls":19},"7818 - Servicios de mantenimiento o reparaciones de transportes"]
[{"$nulls":19},"8010 - Servicios de asesoría de gestión"]
[{"$nulls":19},"8011 - Servicios de recursos humanos"]
[{"$nulls":19},"8012 - Servicios legales"]
[{"$nulls":19},"8013 - Servicios inmobiliarios"]
[{"$nulls":19},"8014 - Comercialización y distribución"]
[{"$nulls":19},"8015 - Política comercial y servicios"]
[{"$nulls":19},"8016 - Servicios de administración de empresas"]
[{"$nulls":19},"8110 - Servicios profesionales de ingeniería"]
[{"$nulls":19},"8111 - Servicios informáticos"]
[{"$nulls":19},"8112 - Economía"]
[{"$nulls":19},"8113 - Estadística"]
[{"$nulls":19},"8114 - Tecnologías de fabricación"]
[{"$nulls":19},"8115 - Servicios de pedología"]
[{"$nulls":19},"8210 - Publicidad"]
[{"$nulls":19},"8211 - Escritura y traducciones"]
[{"$nulls":19},"8212 -  Servicios de reproducción"]
[{"$nulls":19},"8213 - Servicios fotográficos"]
[{"$nulls":19},"8214 - Diseño gráfico"]
[{"$nulls":19},"8215 - Artistas e intérpretes profesionales"]
[{"$nulls":19},"8310 - Servicios públicos"]
[{"$nulls":19},"8311 - Servicios de medios de telecomunicaciones"]
[{"$nulls":19},"8312 - Servicios de información"]
[{"$nulls":19},"8410 - Finanzas de desarrollo"]
[{"$nulls":19},"8411 - Contabilidad y auditorias"]
[{"$nulls":19},"8412 - Banca e inversiones"]
[{"$nulls":19},"8413 - Servicios de seguros y jubilación"]
[{"$nulls":19},"8414 - Agencias de crédito"]
[{"$nulls":19},"8510 - Servicios sanitarios integrales"]
[{"$nulls":19},"8511 - Prevención y control de enfermedades"]
[{"$nulls":19},"8512 -  Práctica médica"]
[{"$nulls":19}," 8513 - Ciencia médica, investigación y experimentación"]
[{"$nulls":19},"8514 - Medicina alternativa y holística"]
[{"$nulls":19},"8515 - Servicios alimentarios y de nutrición"]
[{"$nulls":19},"8610 - Formación profesional"]
[{"$nulls":19},"8611 - Sistemas educativos alternativos"]
[{"$nulls":19},"8612 - Instituciones educativas"]
[{"$nulls":19},"8613 - Servicios educativos especializados"]
[{"$nulls":19},"8614 - Instalaciones educativas"]
[{"$nulls":19},"9010 - Restaurantes y catering (servicios de comidas y bebidas)"]
[{"$nulls":19},"9011 - Instalaciones hoteleras, alojamientos y centros de encuentros"]
[{"$nulls":19},"9012 - Facilitación de viajes"]
[{"$nulls":19},"9013 - Artes interpretativas"]
[{"$nulls":19},"9014 - Deportes comerciales"]
[{"$nulls":19},"9015 - Servicios de entretenimiento"]
[{"$nulls":19},"9110 - Aspecto personal"]
[{"$nulls":19},"9111 - Asistencia doméstica y personal"]
[{"$nulls":19},"9210 - Orden público y seguridad"]
[{"$nulls":19},"9211 - Servicios militares o defensa nacional"]
[{"$nulls":19},"9212 - Seguridad y protección personal"]
[{"$nulls":19},"9310 - Sistemas e instituciones políticas"]
[{"$nulls":19},"9311 - Condiciones sociopolíticas"]
[{"$nulls":19},"9312 - Relaciones internacionales"]
[{"$nulls":19},"9313 - Ayuda y asistencia humanitaria"]
[{"$nulls":19},"9314 - Servicios comunitarios y sociales"]
[{"$nulls":19},"9315 - Servicios de administración y financiación pública"]
[{"$nulls":19},"9316 - Tributación"]
[{"$nulls":19},"9317 - Política y regulación comercial"]
[{"$nulls":19},"9410 - Organizaciones laborales"]
[{"$nulls":19},"9411 - Organizaciones religiosas"]
[{"$nulls":19},"9412 - Clubes"]
[{"$nulls":19},"9413 - Organizaciones, asociaciones y movimientos cívicos"]